Visualizzazione normale
Vista MARC
- Terry Clark
di Personal Name
Records bibliografici associati: 1
001 - CONTROL NUMBER
- control field: 14727
003 - CONTROL NUMBER IDENTIFIER
- control field: IT-RoPau
005 - DATE AND TIME OF LATEST TRANSACTION
- control field: 20140222220846.0
008 - FIXED-LENGTH DATA ELEMENTS
- fixed length control field: 140222|| aca||aabn | a|a d
040 ## - CATALOGING SOURCE
- Original cataloging agency: IT-RoPau
- Transcribing agency: IT-RoPau
100 ## - HEADING--PERSONAL NAME
- Personal name: Terry Clark
- Miscellaneous information: Codice autore musica SPICS: 13031
- Relator term: Autore musica
- Name of part/section of a work: Argentia - One Foot in the Gutter - In Orbit - Pea Eye
670 ## - SOURCE DATA FOUND
- Source citation: Work cat.: (IT-RoPau)99596: AA.VV. 794, Monk On Riverside 1957-58, vol. 09